| 000 | 00694nam a2200217 i 4500 | ||
|---|---|---|---|
| 001 | 56781 | ||
| 003 | ES-MaACL | ||
| 005 | 20230906163437.0 | ||
| 007 | t| | ||
| 008 | 031013s1983 sp ||||1| spa d | ||
| 020 | _a84-500-8439-3 | ||
| 080 | _a351.778.511(460) | ||
| 080 | _a711(460) | ||
| 245 | 0 | 0 |
_aUrbanismo y medio rural : _bValencia, la vivienda ilegal de segunda residencia. |
| 260 |
_aValencia : _bDiputación Provincial, _c[1983] ( _fGráf. Soler) |
||
| 300 |
_a278 p. : _bil. ; _c24 cm. |
||
| 650 | 4 |
_aUrbanizaciones ilegales. _9174545 |
|
| 650 | 4 |
_aSuelo no urbanizable. _9174546 |
|
| 710 | 1 |
_aValencia (Provincia). _bDiputación Provincial. _97538 |
|
| 852 | 4 |
_aES-MaACL _jL-4248 |
|
| 999 |
_c56781 _d56781 |
||